Wir singen neue Lieder im Ferienlager Diese neuen Lieder entstanden im Zentralhaus der Jungen Pioniere

Bibliographic Details
Main Author: Richter, Wolfgang (skl)
Corporate Author: Zentralrat der Freien deutschen Jugend Berlin (vyd)
Format: Book
Language:German
PhysicalDescription:31 s. 21 cm
Published: [Berlin Junge Welt 1952]
Subjects:

MARC

LEADER 00000nam a2200000 a 4500
001 vtls001413365
003 SK-MaSNL
005 20260331204215.0
008 010517sm y0 DE r 0 ger
035 |a SNK000368088 
040 |a SNK  |b slo  |c SNK  |e AACR2 
044 |a DE 
072 7 |a 784  |2 konspekt 
080 |a 784(=112.2)  |2 1981 
100 1 |a Richter, Wolfgang  |4 skl  |9 297913 
245 1 |a Wir singen neue Lieder im Ferienlager  |h hudobnina  |b Diese neuen Lieder entstanden im Zentralhaus der Jungen Pioniere 
260 |a [Berlin  |b Junge Welt  |c 1952] 
300 |a 31 s.  |c 21 cm 
500 |a S podpisom P. Kabinová 1952 
500 |a Spoluvyd. Zentalrat der Freien deutschen Jugend 
650 0 7 |a pionierske piesne  |z Nemecko  |2 SNK  |9 584024 
650 0 7 |a vokálna hudba  |2 konspekt  |9 3442 
655 7 |a HHU  |2 SNK  |9 283804 
655 7 |a texty a noty  |2 SNK  |9 70492 
710 0 |a Zentralrat der Freien deutschen Jugend Berlin  |4 vyd  |9 392095 
924 |a spev 
999 |c 898195  |d 900125 
952 |t P60, <04>, [BOOK], {604}  |a SNK  |b SNK  |y VYP  |7 0  |p 17A0340574  |o snkHIC 655  |i snkD 359/2002  |0 0  |1 0  |4 0  |d 2002-04-23  |l 0  |r 2005-01-02 00:00:00  |w 2026-02-24